01354pam a2200313 4500952016300000999001700163001000800180003000400188005001700192008004100209010001700250020001500267040001800282050001800300082002000318100002800338245013500366260003500501300002700536490002800563650002200591650002900613740004500642856008500687856007300772856010400845906004500949942004600994 00102ddc40708MATHEMATICSaMESbMEScMATd2021-09-24e34g489.37l1o515.2433 SPI/Sp41215r2022-10-31 00:00:00s2022-10-28v675.00w2021-09-24yBKzGL24R2 c41175d411753614726OSt20210702124248.0731128s1974 nyua 001 0 eng  a 73021520  a0070602190 aDLCcDLCdDLC10aQA403.5b.S6600a515.2433bSPI/S aSpiegel, Murray R 976210aSchaum's outline of theory and problems of Fourier analysis,bwith applications to boundary value problems,cby Murray R. Spiegel. aNew York,bMcGraw-Hillc[1974] a191 p.billus.c28 cm.0 aSchaum's outline series 0aFourier analysis. 0aBoundary value problems. aTheory and problems of Fourier analysis.423Publisher descriptionuhttp://www.loc.gov/catdir/description/mh022/73021520.html413Table of contentsuhttp://www.loc.gov/catdir/toc/mh021/73021520.html423Contributor biographical informationuhttp://www.loc.gov/catdir/enhancements/fy1012/73021520-b.html a7bcbccorignewd1eocipf19gy-gencatlg 2ddccBKh515.2433iSPI/Sk515.2433mSPI/S